000
00317nam a2200133Ia 4500
008
220613s9999||||xx |||||||||||||| ||und||
100
_a
Digambaraji Swami
245
0
_a
Hathpradeepika Svatmarama ( Hindi)
250
_a
6th(2017)
260
_b
Kaivalyadhama Lonavia
300
_a
248
650
_a
Yoga
942
_c
GB
999
_c
11150
_d
11150